Air conditioning (Record no. 550902)
[ view plain ]
| 000 -LEADER | |
|---|---|
| fixed length control field | 00303nam a22001217a 4500 |
| 082 ## - DEWEY DECIMAL CLASSIFICATION NUMBER | |
| Classification number | P-37 |
| 100 ## - MAIN ENTRY--PERSONAL NAME | |
| Personal name | Khalid mehmood, Syn no.1 |
| 9 (RLIN) | 47757 |
| 245 ## - TITLE STATEMENT | |
| Title | Air conditioning |
| Statement of responsibility, etc. | Khalid mehmood, shehzad. |
| 260 ## - PUBLICATION, DISTRIBUTION, ETC. | |
| Place of publication, distribution, etc. | Risalpur. |
| Name of publisher, distributor, etc. | MCE |
| Date of publication, distribution, etc. | c2000. |
| 526 ## - STUDY PROGRAM INFORMATION NOTE | |
| Program name | 0 |
| Interest level | 0 |
| Reading level | 0 |
| Title point value | P_37 |
| 650 ## - SUBJECT ADDED ENTRY--TOPICAL TERM | |
| Topical term or geographic name entry element | Project. |
| 942 ## - ADDED ENTRY ELEMENTS (KOHA) | |
| Source of classification or shelving scheme | |
| Koha item type | Book |
| Withdrawn status | Lost status | Source of classification or shelving scheme | Damaged status | Not for loan | Permanent Location | Current Location | Date acquired | Total Checkouts | Full call number | Barcode | Date last seen | Date last checked out | Price effective from | Koha item type | Public note |
|---|---|---|---|---|---|---|---|---|---|---|---|---|---|---|---|
| Military College of Engineering (MCE) | Military College of Engineering (MCE) | 11/27/2014 | 1 | P-37 | MCE-P-37 | 03/26/2015 | 03/26/2015 | 11/27/2014 | Book | Project. |
